Un bingo en mi casa [juego] /
Guardado en:
| Formato: | Objeto Físico |
|---|---|
| Publicado: |
Argentina :
Ruibal, [juego],
[199?]
|
| Materias: | |
| Etiquetas: |
Agregar Etiqueta
Sin Etiquetas, Sea el primero en etiquetar este registro!
|
| LEADER | 00784nrm a22001695g 4500 | ||
|---|---|---|---|
| 001 | CEM.cems019302 | ||
| 008 | 130507b199?##################0###0#####d | ||
| 005 | 20220830112224.0 | ||
| 003 | CEMS | ||
| 245 | 0 | 0 | |a Un bingo en mi casa [juego] / |c Ruibal |
| 260 | |a Argentina : |b Ruibal, [juego], |c [199?] | ||
| 300 | |a 1 juego (1 bolillero plástico, 90 bolillas plásticas numeradas, 24 cartones Bingo/Lotería, 1 base control plástica numerada, 60 fichas marcadores) ; en caja 26 x 28 x 26 cm. + manual de instrucciones. | ||
| 500 | |a Para 2 ó más jugadores a partir de 6 años objetivo: completar los cartones y gritar bingo antes que los otros. | ||
| 082 | 0 | 4 | |a J795.38 |
| 653 | |a 1. juegos de lotería | ||
| 653 | |a 2. juegos de bingo | ||
| 859 | |a CEMS |b BIB. CEMS - Ludoteca |h J795.38 |i R858 |p 425.15 |t Ej.1 | ||
